Geographically Closest African Countries: G Quiz Stats

 Plays Quiz Updated May 4, 2021

Support Sporcle.
Go Orange.
Score 0/5 Timer 03:00
2 Plays Today
% Correct
???
100%
???
75.6%
???
60.8%
???
48.6%
???
42.9%

You're not logged in!

Compare scores with friends on all Sporcle quizzes.
OR
Log In

From the Vault

'A' Cities by Clue

by Flick

These cities are #1...alphabetically.
Remove Ads.
Support Sporcle.
Get the best of Sporcle when you Go Orange. This ad-free experience offers more features, more stats, and more fun while also helping to support Sporcle. Thank you for becoming a member.

Show Comments

Extras

Top Quizzes Today


Score Distribution

Your Account Isn't Verified!

In order to create a playlist on Sporcle, you need to verify the email address you used during registration. Go to your Sporcle Settings to finish the process.

Report this User

Report this user for behavior that violates our Community Guidelines.

Details: